Proceedins of the panel discussion with Mr. Rajiv Gandhi Prime Minister of Indiar (Record no. 518611)
[ view plain ]
| 000 -LEADER | |
|---|---|
| fixed length control field | 00291nam a2200097 4500 |
| 082 ## - DEWEY DECIMAL CLASSIFICATION NUMBER | |
| Classification number | T3 RGI |
| 100 ## - MAIN ENTRY--PERSONAL NAME | |
| Personal name | India.Ladies Study Group |
| 9 (RLIN) | 27871 |
| 245 ## - TITLE STATEMENT | |
| Title | Proceedins of the panel discussion with Mr. Rajiv Gandhi Prime Minister of Indiar |
| 260 ## - PUBLICATION, DISTRIBUTION, ETC. (IMPRINT) | |
| Place of publication, distribution, etc | Calcutta |
| Name of publisher, distributor, etc | The author |
| Date of publication, distribution, etc | 1986 |
| 300 ## - PHYSICAL DESCRIPTION | |
| Extent | n.d. |
| Withdrawn status | Lost status | Source of classification or shelving scheme | Damaged status | Koha normalized classification for sorting | Not for loan | Permanent location | Current location | Date acquired | Full call number | Barcode | Date last seen | Price effective from | Koha item type |
|---|---|---|---|---|---|---|---|---|---|---|---|---|---|
| T_3_000000000000000_RGI | Indian Institute of Public Administration | Indian Institute of Public Administration | 2021-10-04 | T3 RGI | gg34886 | 2021-10-04 | 2021-10-04 | GG |
